| 000 | 00364nam a22001097a 4500 | ||
|---|---|---|---|
| 082 | _a621.3813 MOD'P | ||
| 100 |
_aPROCEEDINGS OF THE SYMPOSIUM _974706 |
||
| 245 | _aMODERN ADVANCES IN MICROWAVE TECHNIQUES MICROWAVE RESEARCH INSTITUTE SYMPOSIUM SERVICE AT NEWYORK NOVEMBER 8, 9, 10, 1954 | ||
| 260 |
_aNEWYORK _bPOLYTECHNIQUES _c1955 |
||
| 300 | _a492P | ||
| 942 | _cBK | ||
| 999 |
_c585277 _d585277 |
||